000 00948nas a2200301 4500
001 BR2011003319
003 BR-BrBNA
005 20231205115353.0
007 ta
008 230509b bl.|||p| |||| 00| 00por d
040 _aBR-BrBNA
_bpor
_cBiblioteca Nacional de Agricultura
041 _a(Pt)
072 _aP10; M12
100 1 _aLima, C.B.
100 1 _aOliveira, E.G. de
100 1 _aAraújo Filho, J.M. de
100 1 _aSantos, F.J. de S.
100 1 _aPereira, W.E.
245 1 _aQualidade da água em canais de irrigação com cultivo intensivo de tilápia nilótica (Orechromis niloticus)
650 _aTILÁPIA NILÓTICA
650 _aPISCICULTURA
650 _aQUALIDADE DA ÁGUA
650 _aCANAL
650 _aIRRIGAÇÃO
773 0 _tRevista Ciência Agronômica (Brazil)
_xISSN 0045-6888
_g(Oct-Dec 2008), v. 39(4) p. 531-539
_wBR2011003319
909 _a202311
_bLúcia
_c55
_dLúcia Elande
942 _2AGRIS
_n0
_cANA
999 _c213452
_d213452